Datum a čas kvízu
21.5
Celkem bodů
Celkový počet nahraných bodů na tomto kvízu bez doplňovacích otázek.
8.
Pořadí na kvízu
Konečné umístění týmu na tomto kvízu.
Zaznamenané odpovědi
| # | Otázka | Odpověď | Body | Výsledky |
|---|---|---|---|---|
| 1. | Zástupci české armády v posled... | Leopard | 1 | |
| 2. | Který český ministr absolvoval... | Marek Výborný | 0 | |
| 3. | Minulý týden byly rozdány ceny... | David Koller, Pam Rabbit | 0.5 | |
| 4. | Minulý týden si žena na severu... | s bambulí (od čepice) | 1 | |
| 5. | Kteří dva olympijští vítězové... | Pavel Patera, David Moravec | 0 | |
| 6. | Věříme, že ovládáte velkou pal... | Řecko | 1 | |
| 7. | Kalaallit Nunaat, tak zní v mí... | Dánsko | 0 | |
| 8. | Vyberte zemi, jejíž zkratka ná... | C | 1 | |
| 9. | V Evropské unii žije momentáln... | 1C 2B 3A 4D | 1 | |
| 10. | Caerdydd je alternativní název... | Cardiff | 0 |